|
|
|
|
| LEADER |
01590nam a2200409 a 4500 |
| 001 |
nkc20071712778 |
| 003 |
CZ PrNK |
| 005 |
20171201235009.0 |
| 007 |
ta |
| 008 |
070316s2007 xr a g 000 p cze |
| 015 |
|
|
|a cnb001712778
|
| 020 |
|
|
|a 978-80-87053-08-9
|q (brož.)
|
| 035 |
|
|
|a (OCoLC)166384485
|
| 040 |
|
|
|a OLA001
|b cze
|d BOA001
|d ABA001
|
| 072 |
|
7 |
|a 821.162.3-1
|x Česká poezie
|2 Konspekt
|9 25
|
| 080 |
|
|
|a 821.162.3-1
|2 MRF
|
| 080 |
|
|
|a 091.07
|2 MRF
|
| 080 |
|
|
|a (0:82-1)
|2 MRF
|
| 100 |
1 |
|
|a Červenka, Miroslav,
|d 1932-2005
|7 jk01021682
|4 aut
|
| 245 |
1 |
0 |
|a Nápisy /
|c Miroslav Červenka. Kousky dřeva / [foto] Milan Jankovič
|
| 250 |
|
|
|a 1. vyd.
|
| 260 |
|
|
|a Příbram :
|b Pistorius,
|c 2007
|
| 300 |
|
|
|a [28] s. :
|b il. ;
|c 21 cm
|
| 500 |
|
|
|a Faksim. samizdatové sbírky z roku 1977
|
| 500 |
|
|
|a Vydáno ve spolupráci s Ústavem české literatury a literární vědy Filozofické fakulty University Karlovy v Praze
|
| 655 |
|
7 |
|a česká poezie
|7 fd133958
|2 czenas
|
| 655 |
|
7 |
|a faksimile
|7 fd132227
|2 czenas
|
| 655 |
|
9 |
|a Czech poetry
|2 eczenas
|
| 655 |
|
9 |
|a facsimiles
|2 eczenas
|
| 700 |
1 |
2 |
|a Jankovič, Milan,
|d 1929-
|t Kousky dřeva
|
| 710 |
2 |
|
|a Univerzita Karlova.
|b Ústav české literatury a literární vědy
|7 mzk2006340930
|
| 856 |
4 |
1 |
|u http://www.digitalniknihovna.cz/mzk/uuid/uuid:984d44a0-a402-11e7-920d-005056827e51
|y Digitalizovaný dokument
|x NDK
|
| 910 |
2 |
|
|a BOA001
|b 2-1187.474
|
| 990 |
|
|
|a BK
|
| 995 |
|
|
|a 01
|
| 991 |
|
|
|b 200706
|c NOV
|
| 996 |
6 |
|
|b 2610312701
|c 2-1187.474
|l MZK
|r Sklad / do 1 hodiny
|n 1
|p p.v.
|w 000852710
|u 000010
|a 1
|e BOA001
|j MZK50
|s P
|